Recuperable del pasado : (Registro nro. 12663)

Detalles MARC
000 -LIDER
fixed length control field 00641nam a22001937a 4500
003 - IDENTIFICACDOR DE NÚMERO DE CONTROL
control field DO-SdBNP
005 - DATE AND TIME OF LATEST TRANSACTION
control field 20171023124411.0
008 - ELEMENTOS DE LONGITUD FIJA
fixed length control field 171020b 2016|||| |||| 00| 0 spa d
020 ## - ISBN
International Standard Book Number 9789945902365
040 ## - FUENTE DE CATALOGACIÓN
Agencia que crea de manera original el registro BPMSU
Idioma de catalogación spa
Agencia que realiza la transcripción BPMSU
100 1# - ASIENTO PRINCIPAL -- NOMBRE PERSONAL
Nombre personal James Rawlings, Norberto
245 10 - MENCIÓN DE TITULO
Título Recuperable del pasado :
Subtítulo poesía 1969-2008 /
Mención de responsabilidad Norberto James Rawlings
260 ## - PUBLICACIÓN, DISTRIBUCIÓN, ETC. (PIE DE IMPRENTA)
Lugar de publicación, distribución, etc Santo Domingo :
Nombre del editor, distribuidor, etc. Ministerio de Cultura ;
Fecha de publicación, distribución, etc 2016.
300 ## - DESCRIPCIÓN FÍSICA
Extensión 266 p. :
Otros detalles físicos il. ;
Dimensiones 23 cm.
500 ## - NOTA GENERAL
Nota general Incluye datos biográficos del autor en la solapa de la cubierta
942 ## - ADDED ENTRY ELEMENTS (KOHA)
Source of classification or shelving scheme Dewey Decimal Classification
Koha item type Libros
945 ## - INFORMACIÓN DE PROCESAMIENTO LOCAL
Información de procesamiento local Inventariado / 2017 VM
956 ## - LOCAL ELECTRONIC LOCATION AND ACCESS (OCLC)
Nombre de host BTAVAREZ
Número de acceso 10
Información de compresión 20172010
Método de acceso 0038
Existencias
Withdrawn status Lost status Source of classification or shelving scheme Damaged status Not for loan Collection code Home library Current library Date acquired Source of acquisition Total Checkouts Barcode Date last seen Price effective from Koha item type
    Dewey Decimal Classification     Colección Dominicana Biblioteca Pública Metropolitana Salomé Ureña Biblioteca Pública Metropolitana Salomé Ureña 10/20/2017 BÚHO   BPMSU17100109 10/20/2017 10/20/2017 Libros